Score 0/95 Timer 08:00
12 Plays Today
Year and Position President or Vice President % Correct
1789-1797 PresidentGeorge Washington
98.2%
Vice PresidentJohn Adams
97.2%
1797-1801 PresidentJohn Adams
97.2%
1825-1829 PresidentJohn Quincy Adams
96.7%
Vice PresidentThomas Jefferson
95.8%
1801-1809 PresidentThomas Jefferson
95.8%
Vice President 1805-1809George Clinton
94.8%
Vice President until 1812George Clinton
94.8%
1993-2001 PresidentBill Clinton
94.1%
Vice President until 1865Andrew Johnson
91.1%
1865-1869 PresidentAndrew Johnson
91.1%
Vice PresidentLyndon B. Johnson
90.9%
1963-1969 PresidentLyndon B. Johnson
90.9%
Vice PresidentRichard M. Johnson
90.7%
1809-1817 PresidentJames Madison
90.7%
1817-1825 PresidentJames Monroe
89.8%
1829-1837 PresidentAndrew Jackson
88.8%
1861-1865 PresidentAbraham Lincoln
88%
Vice President 1901Theodore Roosevelt
86.9%
1901-1909 PresidentTheodore Roosevelt
86.9%
1933-1945 PresidentFranklin D. Roosevelt
86.5%
Vice PresidentRichard Nixon
84.3%
1969-1974 PresidentRichard Nixon
84.3%
1841 PresidentWilliam Henry Harrison
84.2%
1889-1893 PresidentBenjamin Harrison
83.9%
Vice President 1833-1837Martin Van Buren
83.7%
1837-1841 PresidentMartin Van Buren
83.7%
Vice PresidentGeorge H.W. Bush
83.7%
1989-1993 PresidentGeorge H.W. Bush
83.7%
2001-2009 PresidentGeorge W. Bush
83.6%
1869-1877 PresidentUlysses S. Grant
83.3%
Vice PresidentJohn Tyler
83.2%
Year and Position President or Vice President % Correct
1841-1845 PresidentJohn Tyler
83.2%
1961-1963 PresidentJohn F. Kennedy
83.1%
1845-1849 PresidentJames K. Polk
82.6%
Vice President 1973-1974Gerald Ford
82.2%
1974-1977 PresidentGerald Ford
82.2%
2009 - 2017 PresidentBarack Obama
82.1%
1913-1921 PresidentWoodrow Wilson
82%
Vice President 1945Harry S. Truman
81.9%
1945-1953 PresidentHarry S. Truman
81.9%
Vice President 1873-1875Henry Wilson
81.8%
1953-1961 PresidentDwight D. Eisenhower
81.7%
1981-1989 PresidentRonald Reagan
81.1%
1849-1850 PresidentZachary Taylor
81%
1977-1981 PresidentJimmy Carter
80.9%
1929-1933 PresidentHerbert Hoover
80.2%
1909-1913 PresidentWilliam Howard Taft
79.7%
1885-1889 PresidentGrover Cleveland
79.4%
1893-1897 PresidentGrover Cleveland
79.4%
Vice PresidentCalvin Coolidge
78.9%
1923-1929 PresidentCalvin Coolidge
78.9%
1857-1861 PresidentJames Buchanan
78.4%
Vice PresidentMillard Fillmore
78.3%
1850-1853 PresidentMillard Fillmore
78.3%
1853-1857 PresidentFranklin Pierce
78%
Vice PresidentJoe Biden
77.9%
1897-1901 PresidentWilliam McKinley
77.7%
1881 PresidentJames A. Garfield
77%
Vice PresidentAl Gore
76.8%
Vice PresidentChester A. Arthur
75.8%
1881-1885 PresidentChester A. Arthur
75.8%
Vice President until 1805Aaron Burr
74.7%
1877-1881 PresidentRutherford B. Hayes
74.6%
Year and Position President or Vice President % Correct
Vice PresidentDick Cheney
73.9%
1921-1923 PresidentWarren G. Harding
73.6%
2017- President Donald Trump
71.8%
Vice President until 1973Spiro Agnew
69.9%
Vice PresidentMike Pence
68.9%
Vice PresidentDan Quayle
67.6%
Vice PresidentWalter Mondale
62.1%
Vice PresidentJohn C. Calhoun
59.2%
Vice President until 1832John C. Calhoun
59.2%
Vice PresidentNelson Rockefeller
57.6%
Vice PresidentHubert Humphrey
56.4%
Vice President until 1865Hannibal Hamlin
54.4%
Vice PresidentAdlai E. Stevenson
52.5%
Vice President 1813-1814Elbridge Gerry
52%
Vice PresidentDaniel D. Tompkins
48.3%
Vice PresidentWilliam King
47.9%
Vice President until 1873Schuyler Colfax
47%
Vice PresidentJohn C. Breckinridge
46.9%
Vice PresidentGeorge M. Dallas
46.8%
Vice President 1941-1945Henry A. Wallace
46.6%
Vice President until 1941John Nance Garner
46%
Vice PresidentAlben Barkley
43.3%
Vice PresidentThomas R. Marshall
42.6%
Vice PresidentCharles Dawes
42.4%
Vice PresidentWilliam Wheeler
41.7%
Vice PresidentCharles Fairbanks
41.1%
Vice PresidentCharles Curtis
40.9%
Vice PresidentJames S. Sherman
40.8%
Vice PresidentLevi P. Morton
40.4%
Vice President until 1899Garret Hobart
39.8%
Vice PresidentThomas Hendricks
38.8%

You're not logged in!

Compare scores with friends on all Sporcle quizzes.
OR
Log In

Sporcle TV

Today on Sporcle TV


Watch our educational content, quiz creation guides, and fun videos on Sporcle TV.

Show Comments

Extras

Top Quizzes Today


Score Distribution

Paid Content

Your Account Isn't Verified!

In order to create a playlist on Sporcle, you need to verify the email address you used during registration. Go to your Sporcle Settings to finish the process.

Report this User

Report this user for behavior that violates our Community Guidelines.

Details: